000 00303nam a2200121Ia 4500
008 240731s9999 xx 000 0 und d
022 _a1930-3203
245 0 _aSouthern Communication Journal
260 _bRoutledge
856 _uhttps://www.tandfonline.com/loi/rsjc20
942 _2ddc
942 _cTFEJ
999 _c79500
_d79500
945 _a1
_bMadushi Gamage
_c1
_dMadushi Gamage